| 000 | 01327cam a22003254a 4500 | ||
|---|---|---|---|
| 001 | 12262170 | ||
| 003 | OSt | ||
| 005 | 20140310182027.0 | ||
| 008 | 001219s2001 nyua 000 0 eng | ||
| 010 | _a 00054647 | ||
| 020 | _a0375505555 (alk. paper) | ||
| 040 |
_aDLC _cDLC _dDLC |
||
| 042 | _apcc | ||
| 050 | 0 | 0 |
_aBJ 1661 _b.M315 2001 |
| 082 |
_aHS 081 _bM16 2001 |
||
| 100 | 1 |
_aMcFarlane, Evelyn. _99962 |
|
| 245 | 1 | 0 |
_aIf-- questions for teens / _cEverlyn McFarlane & James Saywell ; illustrations by James Saywell. |
| 250 | _a1st ed. | ||
| 260 |
_aNew York : _bVillard, _cc2001. |
||
| 300 |
_a127 p. ; _bill. ; _c16 cm. |
||
| 650 | 0 |
_aTeenagers _xConduct of life _vMiscellanea. _99963 |
|
| 700 | 1 |
_aSaywell, James. _99964 |
|
| 856 | 4 | 2 |
_3Contributor biographical information _uhttp://www.loc.gov/catdir/bios/random052/00054647.html |
| 856 | 4 | 1 |
_3Sample text _uhttp://www.loc.gov/catdir/samples/random045/00054647.html |
| 856 | 4 | 2 |
_3Publisher description _uhttp://www.loc.gov/catdir/description/random0414/00054647.html |
| 906 |
_a7 _bcbc _corignew _d1 _eocip _f19 _gy-gencatlg |
||
| 942 | _2lcc | ||
| 999 |
_c8498 _d8498 |
||